Eastern Utah Libraries Catalog: Duchesne, Heber, Roosevelt, & Vernal

Torpedoed : (Record no. 250092)

MARC details
000 -LEADER
fixed length control field 02966cam a2200481 i 4500
001 - CONTROL NUMBER
control field BK0024173999
003 - CONTROL NUMBER IDENTIFIER
control field DLC
005 - DATE AND TIME OF LATEST TRANSACTION
control field 20200128163219.0
008 - FIXED-LENGTH DATA ELEMENTS--GENERAL INFORMATION
fixed length control field 190125s2019 nyuab j b 001 0 eng
010 ## - LIBRARY OF CONGRESS CONTROL NUMBER
LC control number 2019002536
020 ## - INTERNATIONAL STANDARD BOOK NUMBER
International Standard Book Number 9781627795548 : HRD
Terms of availability 19.99
020 ## - INTERNATIONAL STANDARD BOOK NUMBER
International Standard Book Number 1627795545 : HRD
Terms of availability 19.99
037 ## - SOURCE OF ACQUISITION
Source of stock number/acquisition Henry Holt & Co, C/O Mps 175 Fifth Ave, New York, NY, USA, 10010, (646)3075339
Note SAN 631-5011
040 ## - CATALOGING SOURCE
Original cataloging agency DLC
Language of cataloging eng
Transcribing agency DLC
Description conventions rda
Modifying agency DLC
-- NjBwBT
050 00 - LIBRARY OF CONGRESS CALL NUMBER
Classification number D772.C46
Item number H45 2019
082 00 - DEWEY DECIMAL CLASSIFICATION NUMBER
Classification number 940.54/293
Edition number 23
092 ## - LOCALLY ASSIGNED DEWEY CALL NUMBER (OCLC)
Classification number 940.5429
100 1# - MAIN ENTRY--PERSONAL NAME
Personal name Heiligman, Deborah,
Relator term author.
9 (RLIN) 32544
245 10 - TITLE STATEMENT
Title Torpedoed :
Remainder of title the true story of the World War II sinking of "The Children's Ship" /
Statement of responsibility, etc Deborah Heiligman.
246 30 - VARYING FORM OF TITLE
Title proper/short title True story of the World War II sinking of "The Children's Ship"
250 ## - EDITION STATEMENT
Edition statement First edition.
264 #1 - Production, Publication, Distribution, Manufacture, and Copyright Notice.
Place of production, publication, distribution, manufacture New York :
Name of producer, publisher, distributor, manufacturer Godwin Books, Henry Holt and Company,
Date of production, publication, distribution, manufacture, or copyr 2019.
300 ## - PHYSICAL DESCRIPTION
Extent xi, 292 pages :
Other physical details illustrations, map ;
Dimensions 24 cm
336 ## - Content Type
Content type term text
337 ## - Media type
Media type term unmediated
338 ## - Carrier type
Carrier type term volume
504 ## - BIBLIOGRAPHY, ETC. NOTE
Bibliography, etc Includes bibliographical references (pages 273-285) and index.
505 0# - FORMATTED CONTENTS NOTE
Formatted contents note The noise of war -- Sailing to safety -- A floating palace -- Desserts and drills -- Wish me luck as you wave me goodbye -- Secrets at sea -- U-boat 48 -- September 17, 1940 -- It's only a torpedo -- Fate's hand -- The middle of the Atlantic -- The lounge-- A long green tunnel -- Ships cry -- The longest night -- Break of day -- Best possible speed -- The hurricane -- Phoenixes -- "In spite of all the precautions" -- Lifeboat 12 -- I spy nothing -- Perils at sea -- British heroes don't snivel -- Hope isa fine feather of smoke -- Darkest hours -- Illusions, delusions, more nightmares -- And on the eighth day -- A watery grave.
520 ## - SUMMARY, ETC.
Summary, etc "A true account of the attack and sinking of the passenger ship SS City of Benares, which was evacuating children from England during WWII."--Provided by publisher.
521 1# - TARGET AUDIENCE NOTE
Target audience note Ages 10-14.
610 20 - SUBJECT ADDED ENTRY--CORPORATE NAME
Corporate name or jurisdiction name as entry element City of Benares (Ship)
Form subdivision Juvenile literature.
9 (RLIN) 5804801
650 #0 - SUBJECT ADDED ENTRY--TOPICAL TERM
Topical term or geographic name as entry element World War, 1939-1945
General subdivision Children
Geographic subdivision Great Britain
Form subdivision Juvenile literature.
9 (RLIN) 5804802
650 #0 - SUBJECT ADDED ENTRY--TOPICAL TERM
Topical term or geographic name as entry element World War, 1939-1945
General subdivision Evacuation of civilians
Geographic subdivision Great Britain
Form subdivision Juvenile literature.
9 (RLIN) 5804803
650 #0 - SUBJECT ADDED ENTRY--TOPICAL TERM
Topical term or geographic name as entry element World War, 1939-1945
General subdivision Naval operations, German
Form subdivision Juvenile literature.
9 (RLIN) 5804804
650 #0 - SUBJECT ADDED ENTRY--TOPICAL TERM
Topical term or geographic name as entry element Shipwrecks
Geographic subdivision North Atlantic Ocean
Form subdivision Juvenile literature.
9 (RLIN) 5738303
650 #0 - SUBJECT ADDED ENTRY--TOPICAL TERM
Topical term or geographic name as entry element World War, 1939-1945
Form subdivision Personal narratives, British
-- Juvenile literature.
9 (RLIN) 5804805
610 21 - SUBJECT ADDED ENTRY--CORPORATE NAME
Corporate name or jurisdiction name as entry element City of Benares (Ship).
9 (RLIN) 5811688
650 #1 - SUBJECT ADDED ENTRY--TOPICAL TERM
Topical term or geographic name as entry element World War, 1939-1945
General subdivision Children
Geographic subdivision Great Britain.
9 (RLIN) 5675165
650 #1 - SUBJECT ADDED ENTRY--TOPICAL TERM
Topical term or geographic name as entry element World War, 1939-1945
General subdivision Evacuation of civilians
Geographic subdivision Great Britain.
9 (RLIN) 5675167
650 #1 - SUBJECT ADDED ENTRY--TOPICAL TERM
Topical term or geographic name as entry element World War, 1939-1945
General subdivision Naval operations, German.
9 (RLIN) 94278
650 #1 - SUBJECT ADDED ENTRY--TOPICAL TERM
Topical term or geographic name as entry element Shipwrecks
Geographic subdivision North Atlantic Ocean.
9 (RLIN) 101713
650 #1 - SUBJECT ADDED ENTRY--TOPICAL TERM
Topical term or geographic name as entry element World War, 1939-1945
Form subdivision Personal narratives, British.
9 (RLIN) 5763772
Holdings
Withdrawn status Lost status Source of classification or shelving scheme Damaged status Not for loan Collection code Home library Current library Shelving location Date acquired Source of acquisition Cost, normal purchase price Total Checkouts Total Renewals Full call number Barcode Date last seen Date checked out Cost, replacement price Price effective from Koha item type
    Dewey Decimal Classification     Junior NonFiction Wasatch County Library Wasatch County Library Second Floor 03/04/2020   19.99 5 6 J 940.54 Hei 34301001637521 12/26/2025 04/02/2025 19.99 03/20/2020 BOOK
This project was made possible through a grant from the Institute of Museum and Library Service administered by the Utah State Library Division.

Wasatch County Library

  • 465 East 1200 South, Heber City, Utah 84032
  • Phone 435-654-1511 | Fax 435-654-6456

Hours

  • Monday - Friday 9:30 AM - 8:00 PM
  • Saturday 9:30 AM - 1:30 PM
  • Closed Sundays and Holidays